书目信息 |
| 题名: |
看不见的电波
|
|
| 作者: | 《看不见的电波》编写组编著 | |
| 分册: | ||
| 出版信息: | 北京 世界图书北京出版公司 2010 |
|
| 页数: | 202页 | |
| 开本: | 26cm | |
| 丛书名: | 走进物理世界丛书 | |
| 单 册: | ||
| 中图分类: | TN011-49 , TN01 | |
| 科图分类: | ||
| 主题词: | ||
| 电子资源: | ||
| ISBN: | 978-7-5100-1628-8 | |
| 000 | 00840oam2 2200253 450 | |
| 001 | 2332145794 | |
| 005 | 20231109084351.05 | |
| 010 | @a978-7-5100-1628-8@dCNY38.00 | |
| 100 | @a20100329d2010 be y0chiy0110 ea | |
| 101 | @achi | |
| 102 | @aCN@b110000 | |
| 105 | @aa z 000yy | |
| 200 | 1 | @a看不见的电波@Akan bu jian de dian bo@f《看不见的电波》编写组编著 |
| 210 | @a北京@c世界图书北京出版公司@d2010 | |
| 215 | @a202页@d26cm | |
| 225 | 2 | @a走进物理世界丛书@Azou jin wu li shi jie cong shu |
| 330 | @a这是一本以物理知识为题材的科普读物,内容新颖独特、描述精彩,以图文并茂的形式展现给读者,以激发他们学习物理的兴趣和愿望。 | |
| 333 | @a青少年 | |
| 461 | 0 | @12001 @a走进物理世界丛书 |
| 690 | @aTN011-49@v5 | |
| 690 | @aTN01@v4 | |
| 701 | @a《看不见的电波》编写组编著 | |
| 801 | 0 | @aCN@b山东中教@c20230926 |
| 905 | @aBZT@dTN01@e60 | |
| 看不见的电波/《看不见的电波》编写组编著.-北京:世界图书北京出版公司,2010 |
| 202页;26cm.-(走进物理世界丛书) |
| 使用对象:青少年 |
| ISBN 978-7-5100-1628-8:CNY38.00 |
| 这是一本以物理知识为题材的科普读物,内容新颖独特、描述精彩,以图文并茂的形式展现给读者,以激发他们学习物理的兴趣和愿望。 |
| ● |
| 相关链接 |
|
|
|
正题名:看不见的电波
索取号:TN01/60
 
预约/预借
| 序号 | 登录号 | 条形码 | 馆藏地/架位号 | 状态 | 备注 |
| 1 | 2000960759 | 2000960759 | 第四书库/四28架B面2层5列/ [索取号:TN01/60] | 在馆 | |
| 2 | 2000960760 | 2000960760 | 第四书库/四28架B面2层5列/ [索取号:TN01/60] | 在馆 | |
| 3 | 2000960761 | 2000960761 | 第四书库/四28架B面2层5列/ [索取号:TN01/60] | 在馆 | |
| 4 | 2000960762 | 2000960762 | 第四书库/四28架B面2层5列/ [索取号:TN01/60] | 在馆 | |
| 5 | 2000960763 | 2000960763 | 第四书库/四28架B面2层5列/ [索取号:TN01/60] | 在馆 | |
| 6 | 2000960764 | 2000960764 | 第四书库/四28架B面2层5列/ [索取号:TN01/60] | 在馆 |